Predpovede a systém riadenia objednávok v konkrétnom podniku diplomová práca

Guardado en:
Detalles Bibliográficos
Autor principal: Šeteščáková, Barbora
Autor Corporativo: Podnikovohospodárska fakulta EU so sídlom v Košiciach. Katedra obchodného podnikania
Otros Autores: Daneshjo, Naqibullah, 1964-
Formato: Libro
Lenguaje:eslovaco
Publicado: Košice 2018
Etiquetas: Agregar Etiqueta
Sin Etiquetas, Sea el primero en etiquetar este registro!

MARC

LEADER 00000nbm a2200000 4500
001 0244130
005 20181025084608.5
041 0 |a slo 
044 |a SK 
245 1 0 |a Predpovede a systém riadenia objednávok v konkrétnom podniku  |b diplomová práca  |c Barbora Šeteščáková ; školiteľ: Naqibullah Daneshjo 
264 1 |a Košice  |c 2018 
300 |a 75 s. 
100 1 |a Šeteščáková, Barbora 
700 1 |a Daneshjo, Naqibullah, 1964- 
710 2 |a Podnikovohospodárska fakulta EU so sídlom v Košiciach. Katedra obchodného podnikania